[Event "53rd World U20 ch"]
[Site "Pune IND"]
[Date "2014.10.18"]
[Round "12.3"]
[White "Duda, Jan-Krzysztof"]
[Black "Cori Tello, Jorge"]
[Result "1-0"]
[WhiteElo "2599"]
[BlackElo "2612"]
[EventDate "2014.10.06"]
[PlyCount "67"]

1.e4 c5 2.Nf3 e6 3.d4 cxd4 4.Nxd4 Nc6 5.Nc3 Qc7 6.Be2 a6 7.O-O Nf6 8.Be3 
Bb4 9.Nxc6 bxc6 10.f4 O-O 11.e5 Nd5 12.Nxd5 cxd5 13.c3 Be7 14.Rc1 Rb8 15.
b4 d6 16.Bd3 g6 17.Bd4 f6 18.Qe2 a5 19.b5 Bd7 20.a4 Rbc8 21.Kh1 Qb8 22.c4 
dxc4 23.Bxc4 fxe5 24.fxe5 d5 25.Bd3 Rxc1 26.Rxc1 Rf4 27.Bg1 Bd8 28.Bc5 Bc7
29.Re1 Kg7 30.Qe3 Rxa4 31.b6 Bd8 32.Rf1 Bh4 33.Qf3 Qe8 34.b7 1-0

[Event "53rd World U20 ch"]
[Site "Pune IND"]
[Date "2014.10.18"]
[Round "12.4"]
[White "Karthikeyan, Murali"]
[Black "Vidit, Santosh Gujrathi"]
[Result "1/2-1/2"]
[WhiteElo "2495"]
[BlackElo "2635"]
[EventDate "2014.10.06"]
[PlyCount "160"]

1.e4 c5 2.Nf3 Nc6 3.Nc3 e5 4.Bc4 Be7 5.d3 Nf6 6.Nd2 d6 7.Nf1 Bg4 8.f3 Be6 
9.Ne3 O-O 10.O-O Rb8 11.a3 Nd4 12.Ncd5 b5 13.Ba2 Nxd5 14.Nxd5 Bg5 15.f4 
exf4 16.Bxf4 a5 17.c3 Nc6 18.Qh5 h6 19.Bxg5 Qxg5 20.Qxg5 hxg5 21.Ne3 Rfe8 
22.Rfd1 Bxa2 23.Rxa2 a4 24.Raa1 Na5 25.Nf5 Re6 26.Re1 Rbe8 27.Kf2 Rf6 28.
Kg1 Rfe6 29.Kf2 Nc6 30.Rad1 Ne5 31.Kg1 c4 32.dxc4 Nxc4 33.Rd5 Re5 34.Red1 
Nxb2 35.R1d4 Rxd5 36.Rxd5 Nc4 37.Nxd6 Nxd6 38.Rxd6 Rxe4 39.Rd5 Rc4 40.Rxg5
Rxc3 41.Rxb5 Rxa3 42.Ra5 Ra1+ 43.Kf2 a3 44.h4 a2 45.Kg3 f5 46.Kh2 f4 47.
Ra4 Kh7 48.Ra6 g6 49.Ra8 Kg7 50.Ra4 Kg8 51.Ra7 Kf8 52.Ra4 Ke7 53.Ra6 Kf7 
54.Ra4 Ke6 55.Ra5 Kf6 56.Ra4 Kf5 57.Ra6 Ke5 58.Ra8 Kd4 59.Rd8+ Ke4 60.Ra8 
Ke5 61.Ra4 Ke6 62.Ra5 Kf6 63.Ra4 Kf5 64.Ra6 Ke4 65.Ra8 Ke3 66.Ra4 Kd3 67.
Ra8 Ke2 68.Ra3 Kd2 69.Ra8 Kc3 70.Rc8+ Kd4 71.Ra8 Ke5 72.Ra4 Ke6 73.Ra5 Kf6
74.Ra4 Kf5 75.Ra6 Kg4 76.Rxg6+ Kxh4 77.Ra6 Kg4 78.Ra5 f3 79.Ra4+ Kg5 80.
gxf3 Rf1 1/2-1/2

[Event "53rd World U20 ch"]
[Site "Pune IND"]
[Date "2014.10.18"]
[Round "12.5"]
[White "Ducarmon, Quinten"]
[Black "Indic, Aleksandar"]
[Result "1/2-1/2"]
[WhiteElo "2487"]
[BlackElo "2554"]
[EventDate "2014.10.06"]
[PlyCount "145"]

1.e4 c5 2.Nf3 d6 3.d4 Nf6 4.Nc3 cxd4 5.Nxd4 a6 6.a4 g6 7.Be2 Bg7 8.O-O O-O
9.Be3 Nc6 10.Qd2 Bd7 11.Rfd1 Rc8 12.Nxc6 Bxc6 13.f3 Nd7 14.a5 Qc7 15.Bd4 
Bxd4+ 16.Qxd4 Nf6 17.Rd2 Rfd8 18.Bc4 Bd7 19.Bd5 Be6 20.Ra4 Bxd5 21.Nxd5 
Nxd5 22.Qxd5 e6 23.Qd4 d5 24.e5 Qc5 25.Qxc5 Rxc5 26.c3 Rdc8 27.Rdd4 Rb5 
28.Rdb4 Rcc5 29.f4 Rxb4 30.Rxb4 Rxa5 31.Rxb7 Ra1+ 32.Kf2 a5 33.Rb5 a4 34.
Rb4 Ra2 35.Kf1 Kg7 36.c4 d4 37.c5 d3 38.Ke1 a3 39.bxa3 Rc2 40.Rd4 g5 41.
fxg5 Rxc5 42.Rxd3 Rxe5+ 43.Kf2 Rxg5 44.Rd4 Rb5 45.a4 Rb2+ 46.Kf3 h5 47.h3 
Kg6 48.Rd7 Ra2 49.Ra7 Ra3+ 50.Kf2 e5 51.a5 f6 52.a6 Kf5 53.Rh7 Kf4 54.Rxh5
Ra2+ 55.Kf1 Rxa6 56.g4 Ra1+ 57.Kf2 Ra2+ 58.Kf1 Kg3 59.Rf5 Kxh3 60.Rxf6 
Kxg4 61.Rf8 Rh2 62.Ke1 Rb2 63.Kf1 Ra2 64.Ke1 Ra4 65.Ke2 Re4+ 66.Kd3 Rf4 
67.Re8 Rd4+ 68.Ke3 Kf5 69.Rf8+ Ke6 70.Re8+ Kf6 71.Rf8+ Ke7 72.Ra8 Rb4 73.
Ra6 1/2-1/2

[Event "53rd World U20 ch"]
[Site "Pune IND"]
[Date "2014.10.18"]
[Round "12.6"]
[White "Tari, Aryan"]
[Black "Oparin, Grigory"]
[Result "1/2-1/2"]
[WhiteElo "2450"]
[BlackElo "2552"]
[EventDate "2014.10.06"]
[PlyCount "124"]

1.d4 Nf6 2.c4 e6 3.Nf3 d5 4.Nc3 Be7 5.Bf4 O-O 6.e3 Nbd7 7.Be2 c6 8.O-O Nh5
9.Qc2 Nxf4 10.exf4 dxc4 11.Bxc4 Nb6 12.Bd3 g6 13.g3 Nd5 14.a3 Nxc3 15.Qxc3
Qd6 16.Rac1 Rd8 17.Be4 Bd7 18.Rfd1 Be8 19.Ne5 Bf8 20.Qb3 Qe7 21.Rd3 Bg7 
22.Rcd1 Rac8 23.Bg2 Rc7 24.h4 f6 25.Nf3 Bf7 26.Qa4 a6 27.b4 Rcd7 28.Bh3 
Rd5 29.Re3 h6 30.Qc2 f5 31.h5 Qd7 32.hxg6 Bxg6 33.Bf1 Bxd4 34.Rxd4 Rxd4 
35.Nxd4 Qxd4 36.Rxe6 Bf7 37.Rxh6 Kg7 38.Qxf5 Kxh6 39.Qxf7 Rd7 40.Qe6+ Kg7 
41.Bc4 Kf8 42.f5 Qd6 43.Qg8+ Ke7 44.Qg7+ Kd8 45.f6 Qe5 46.Qg8+ Kc7 47.Qe6 
Rd1+ 48.Kg2 Qh5 49.Qe7+ Kb8 50.Qf8+ Kc7 51.Qe7+ Kb8 52.Bf1 Qd5+ 53.f3 Rxf1
54.Kxf1 Qxf3+ 55.Ke1 Qxg3+ 56.Ke2 Qg2+ 57.Ke3 Qg3+ 58.Ke4 Qg4+ 59.Kd3 Qf3+
60.Kc2 Qf2+ 61.Kb3 Qf3+ 62.Kc2 Qf2+ 1/2-1/2

[Event "53rd World U20 ch"]
[Site "Pune IND"]
[Date "2014.10.18"]
[Round "12.7"]
[White "Rajpara, Ankit"]
[Black "Bai Jinshi"]
[Result "1/2-1/2"]
[WhiteElo "2508"]
[BlackElo "2406"]
[EventDate "2014.10.06"]
[PlyCount "118"]

1.d4 Nf6 2.c4 g6 3.Nf3 Bg7 4.Nc3 d5 5.e3 O-O 6.Be2 dxc4 7.O-O c5 8.dxc5 
Nbd7 9.c6 bxc6 10.Bxc4 Nb6 11.Be2 Qxd1 12.Rxd1 Nfd5 13.Bd2 Nxc3 14.Bxc3 
Bxc3 15.bxc3 c5 16.Ne5 f6 17.Nc6 Bb7 18.Bf3 Bxc6 19.Bxc6 Rac8 20.Bb5 Rfd8 
21.Kf1 Kf8 22.e4 Rxd1+ 23.Rxd1 Rb8 24.Ke2 Nd5 25.exd5 Rxb5 26.d6 Rb2+ 27.
Ke3 Ke8 28.dxe7 Rxa2 29.Rd6 Kxe7 30.Rc6 Ra5 31.Rc7+ Ke6 32.Rxh7 Ra3 33.Rc7
Kd5 34.Kd3 Ra2 35.c4+ Kd6 36.Rg7 g5 37.Ke3 a5 38.g4 Rc2 39.f4 gxf4+ 40.
Kxf4 Ke6 41.Ra7 Rxc4+ 42.Kf3 a4 43.h4 Rc3+ 44.Kf4 a3 45.h5 Rh3 46.Ra6+ Kd5
47.g5 fxg5+ 48.Kg4 Rh2 49.Rxa3 Rg2+ 50.Kf5 g4 51.h6 Rh2 52.Kg6 c4 53.Rg3 
Kd4 54.Rxg4+ Kd3 55.Rg3+ Kd2 56.h7 c3 57.Rxc3 Kxc3 58.Kg7 Rg2+ 59.Kf7 Rf2+
1/2-1/2

[Event "53rd World U20 ch"]
[Site "Pune IND"]
[Date "2014.10.18"]
[Round "12.8"]
[White "Aravindh, Chithambaram"]
[Black "Bok, Benjamin"]
[Result "1/2-1/2"]
[WhiteElo "2475"]
[BlackElo "2591"]
[EventDate "2014.10.06"]
[PlyCount "104"]

1.e4 c5 2.Nf3 e6 3.d4 cxd4 4.Nxd4 Nc6 5.Nc3 Qc7 6.f4 a6 7.Nxc6 bxc6 8.Bd3 
d5 9.O-O Nf6 10.Kh1 Be7 11.e5 Nd7 12.Na4 c5 13.c4 d4 14.Be4 Bb7 15.Qe2 g6 
16.b3 h5 17.Nb2 Kf8 18.Bd2 Bxe4 19.Qxe4 Kg7 20.Rf3 a5 21.Raf1 Ra6 22.Kg1 
Qc6 23.Qe2 Nb6 24.a4 Nd7 25.Rg3 Kf8 26.Rh3 Rg8 27.Nd3 Ke8 28.Rg3 Rh8 29.
Rh3 Rg8 30.Rg3 Rh8 31.Rh3 Rf8 32.Nf2 Kd8 33.Qe1 Qb6 34.g4 hxg4 35.Nxg4 Kc8
36.Rff3 Bd8 37.Rh7 Qc6 38.Rfh3 Ra8 39.Nh6 f6 40.exf6 Nxf6 41.Rg7 Bc7 42.
Rxg6 Kb7 43.Rg7 Kb6 44.Rg6 Ka6 45.Qe2 Rae8 46.Qf3 Qe4 47.Rhg3 Kb6 48.Kg2 
Qc2 49.Qe2 Qe4+ 50.Qf3 Qc2 51.Qe2 Qe4+ 52.Qf3 Qc2 1/2-1/2

[Event "53rd World U20 ch"]
[Site "Pune IND"]
[Date "2014.10.18"]
[Round "12.9"]
[White "Grigorian, Karen H."]
[Black "Anurag, Mhamal"]
[Result "1/2-1/2"]
[WhiteElo "2591"]
[BlackElo "2442"]
[EventDate "2014.10.06"]
[PlyCount "67"]

1.d4 Nf6 2.c4 e6 3.Nc3 Bb4 4.Qc2 O-O 5.a3 Bxc3+ 6.Qxc3 d5 7.Nf3 Ne4 8.Qc2 
b6 9.e3 Bb7 10.Bd3 a5 11.b3 Nd7 12.O-O c5 13.Bb2 h6 14.Rfd1 Qe7 15.Nd2 
Nxd2 16.Qxd2 cxd4 17.exd4 a4 18.bxa4 Rxa4 19.cxd5 Bxd5 20.Bb5 Raa8 21.a4 
Rfc8 22.Ba3 Qd8 23.Rdc1 Nf6 24.f3 Bb7 25.Rxc8 Rxc8 26.Rc1 Nd5 27.Rxc8 Qxc8
28.Qc1 Qxc1+ 29.Bxc1 Nc3 30.Bf4 Nxb5 31.axb5 Bd5 32.Bc7 Bc4 33.Bxb6 Bxb5 
34.Kf2 1/2-1/2

[Event "53rd World U20 ch"]
[Site "Pune IND"]
[Date "2014.10.18"]
[Round "12.10"]
[White "Narayanan, Srinath"]
[Black "Kovalev, Vladislav"]
[Result "1-0"]
[WhiteElo "2443"]
[BlackElo "2548"]
[EventDate "2014.10.06"]
[PlyCount "105"]

1.e4 e5 2.Nf3 Nc6 3.Bb5 a6 4.Ba4 Nf6 5.O-O Be7 6.d3 b5 7.Bb3 d6 8.a3 O-O 
9.Nc3 Na5 10.Ba2 c5 11.b4 Nc6 12.Nd5 Be6 13.c3 Nd7 14.h3 Rc8 15.Be3 Kh8 
16.d4 cxd4 17.cxd4 Bxd5 18.Bxd5 Bf6 19.Ra2 exd4 20.Nxd4 Nxd4 21.Bxd4 Nb6 
22.Bb7 Rb8 23.Bxa6 Bxd4 24.Qxd4 Na4 25.Rc2 Qb6 26.Qxb6 Rxb6 27.Bc8 Nb2 28.
Bd7 Nd3 29.Rc6 Rfb8 30.f4 g5 31.Rd1 Rxc6 32.Bxc6 Nxf4 33.Rxd6 Rb6 34.e5 
Ra6 35.Bxb5 Rxa3 36.Bc4 Ra1+ 37.Kf2 Rb1 38.b5 Rb4 39.Bf1 Kg7 40.b6 Ne6 41.
Be2 Nc5 42.Bf3 Na4 43.e6 fxe6 44.b7 Nc5 45.Rd8 Nxb7 46.Rd7+ Kg6 47.Rxb7 
Ra4 48.Re7 h5 49.Rxe6+ Kf5 50.Re2 g4 51.hxg4+ hxg4 52.Bc6 Ra3 53.Re3 1-0

[Event "53rd World U20 ch"]
[Site "Pune IND"]
[Date "2014.10.18"]
[Round "12.11"]
[White "Ghosh, Diptayan"]
[Black "Ider, Borya"]
[Result "1-0"]
[WhiteElo "2508"]
[BlackElo "2394"]
[EventDate "2014.10.06"]
[PlyCount "63"]

1.d4 e6 2.c4 Nf6 3.g3 d5 4.Nf3 dxc4 5.Bg2 Bb4+ 6.Bd2 a5 7.O-O Nc6 8.Bg5 h6
9.Bxf6 Qxf6 10.a3 Bd6 11.Nc3 O-O 12.e3 e5 13.d5 Na7 14.Nd2 b5 15.a4 Bf5 
16.axb5 Bd3 17.Rxa5 Bxf1 18.Bxf1 Qe7 19.Qa4 Bc5 20.Nxc4 f5 21.d6 cxd6 22.
b4 f4 23.bxc5 fxg3 24.hxg3 d5 25.b6 Rxf2 26.Kxf2 Rf8+ 27.Ke1 Qg5 28.Be2 
Qxg3+ 29.Kd2 d4 30.Ne4 dxe3+ 31.Nxe3 Rd8+ 32.Nd6 1-0

[Event "53rd World U20 ch"]
[Site "Pune IND"]
[Date "2014.10.18"]
[Round "12.12"]
[White "Bajarani, Ulvi"]
[Black "Kriebel, Tadeas"]
[Result "1/2-1/2"]
[WhiteElo "2496"]
[BlackElo "2428"]
[EventDate "2014.10.06"]
[PlyCount "118"]

1.e4 e5 2.Nc3 Nf6 3.g3 Bc5 4.Bg2 c6 5.Nge2 d5 6.exd5 cxd5 7.d4 exd4 8.Nxd4
O-O 9.O-O Bg4 10.Qd3 Nc6 11.Nxc6 bxc6 12.Na4 Be7 13.Be3 Re8 14.c4 Qa5 15.
b3 Rad8 16.Qd4 Be2 17.Rfe1 dxc4 18.Qxa7 Qxa7 19.Bxa7 Bb4 20.Bxc6 Bxe1 21.
Bxe8 cxb3 22.axb3 Rd1 23.Rxd1 Bxd1 24.Bc6 Bxb3 25.Bd4 Bb4 26.Nb6 Be6 27.f3
Kf8 28.Kg2 Ng8 29.h4 f6 30.Be4 f5 31.Bc6 Ne7 32.Bb5 Kf7 33.Nd7 Bd6 34.Ne5+
Bxe5 35.Bxe5 Nd5 36.Kf2 g6 37.Ke2 Nf6 38.Ke3 Nd5+ 39.Kd4 Nf6 40.Bc6 Ba2 
41.Kc5 Bb3 42.Kd6 Ne8+ 43.Kc5 Nf6 44.Bc3 Ba2 45.Kd6 Bb3 46.Ke5 Nh5 47.Be1 
Ba2 48.Ba4 Bc4 49.Bd1 Ba2 50.Kd4 Be6 51.Ke3 Ba2 52.Kf2 Bc4 53.Ba5 Be6 54.
Bd8 Ba2 55.g4 fxg4 56.fxg4 Nf6 57.g5 Nh5 58.Bc7 Ng7 59.Be5 Be6 1/2-1/2

[Event "53rd World U20 ch"]
[Site "Pune IND"]
[Date "2014.10.18"]
[Round "12.13"]
[White "Van Kampen, Robin"]
[Black "Beradze, Irakli"]
[Result "1-0"]
[WhiteElo "2641"]
[BlackElo "2318"]
[EventDate "2014.10.06"]
[PlyCount "208"]

1.e4 e5 2.Nf3 d6 3.d4 Nd7 4.Bc4 c6 5.O-O Be7 6.Re1 Ngf6 7.c3 b5 8.Bb3 Bb7 
9.Nbd2 O-O 10.Nf1 c5 11.Ng3 Re8 12.d5 a5 13.a4 c4 14.Ba2 Ba6 15.axb5 Bxb5 
16.Qe2 Qc7 17.Be3 Ng4 18.Bd2 Ngf6 19.Nf5 Bf8 20.Bg5 g6 21.Nh6+ Kg7 22.Nd2 
Rec8 23.Qf3 Be7 24.Nf1 Qd8 25.Ne3 Ra6 26.h4 Qe8 27.Qe2 Nb6 28.Nef5+ gxf5 
29.Nxf5+ Kg8 30.Qf3 Nbd7 31.Qg3 Nh5 32.Qg4 Bxg5 33.Qxg5+ Kh8 34.Qxh5 f6 
35.Qe2 Qf8 36.Ne3 a4 37.Rf1 Qg7 38.Nf5 Qf8 39.Kh2 Rb6 40.Bb1 Nc5 41.Ne3 
Ba6 42.Ra2 Rcb8 43.Nd1 Qg7 44.Bc2 Bb5 45.g3 Bd7 46.f3 Qh6 47.Rf2 R6b7 48.
Bb1 Qc1 49.Qc2 Qh6 50.Qd2 Qxd2 51.Rxd2 Nb3 52.Rf2 Nc1 53.Ra1 Nb3 54.Ra3 
Nc1 55.Kg2 Rb3 56.Rxb3 cxb3 57.Ne3 Bb5 58.Rd2 Rc8 59.Nd1 Ra8 60.Kf2 a3 61.
bxa3 Rxa3 62.Ke3 Be2 63.Rxe2 Nxe2 64.Kxe2 Ra2+ 65.Kd3 Ra1 66.Bc2 bxc2 67.
Kxc2 h5 68.Ne3 Ra2+ 69.Kb3 Rf2 70.Nf5 Rxf3 71.Nxd6 Kg8 72.Nf5 Kf7 73.Kb4 
Rf1 74.c4 Ke8 75.c5 Rb1+ 76.Kc4 Kd7 77.c6+ Kc7 78.Ng7 Rc1+ 79.Kd3 Kd6 80.
Nf5+ Kc7 81.Kd2 Rc4 82.Kd3 Ra4 83.Ke3 Ra3+ 84.Kf2 Ra4 85.Ng7 Ra2+ 86.Kf3 
Ra3+ 87.Kg2 Kd6 88.Nf5+ Kc7 89.Kh3 Ra4 90.Ng7 Kd6 91.Nxh5 f5 92.exf5 Kxd5 
93.Nf6+ Kxc6 94.h5 Ra1 95.g4 Kd6 96.g5 Ra3+ 97.Kg4 Ra4+ 98.Kg3 Ra3+ 99.Kh4
Ra4+ 100.Ng4 e4 101.Kg3 Ra3+ 102.Kf4 Kd5 103.g6 Rf3+ 104.Kg5 Kd6 1-0

[Event "53rd World U20 ch"]
[Site "Pune IND"]
[Date "2014.10.18"]
[Round "12.14"]
[White "Abasov, Nijat"]
[Black "Bersamina, Paulo"]
[Result "1-0"]
[WhiteElo "2528"]
[BlackElo "2380"]
[EventDate "2014.10.06"]
[PlyCount "127"]

1.e4 c5 2.c3 g6 3.d4 cxd4 4.cxd4 d5 5.e5 Bg7 6.Nc3 Nc6 7.h3 f6 8.f4 Nh6 9.
g4 Nf7 10.Bg2 e6 11.Nf3 f5 12.Be3 Bd7 13.O-O Qe7 14.gxf5 gxf5 15.Qd2 Bf8 
16.a3 Qd8 17.b4 Be7 18.Kh1 O-O 19.Rg1 Kh8 20.Bf1 Qc7 21.Bd3 Rg8 22.Ne2 
Rxg1+ 23.Rxg1 Rg8 24.Ng5 Ncd8 25.Ng3 h6 26.Nf3 Nc6 27.Rg2 Qd8 28.Kh2 a6 
29.Qe2 Na7 30.Bb1 a5 31.bxa5 Nb5 32.Bd3 Nxa3 33.Bd2 Bc6 34.Bxf5 exf5 35.
Nxf5 Bb5 36.Qf2 Bf8 37.Rxg8+ Kxg8 38.e6 Qf6 39.exf7+ Qxf7 40.Ng3 Nc4 41.
Ne5 Qf6 42.Qg2 Kh7 43.Qxd5 Nxd2 44.Qxb7+ Bg7 45.Nh5 Qf8 46.Qxb5 Qf5 47.Qe2
Qc2 48.Qg2 Bxe5 49.dxe5 Nf3+ 50.Kg3 Qg6+ 51.Kxf3 Qxh5+ 52.Ke3 Qd1 53.Qb7+ 
Kh8 54.a6 Qc1+ 55.Ke4 Qc2+ 56.Kd5 Qd3+ 57.Ke6 Qg6+ 58.Ke7 Qg7+ 59.Kd6 Qf8+
60.Qe7 Qb8+ 61.Ke6 Qc8+ 62.Kf7 Qg8+ 63.Kf6 h5 64.a7 1-0

[Event "53rd World U20 ch"]
[Site "Pune IND"]
[Date "2014.10.18"]
[Round "12.15"]
[White "Antipov, Mikhail"]
[Black "Johansson, Linus"]
[Result "1/2-1/2"]
[WhiteElo "2524"]
[BlackElo "2401"]
[EventDate "2014.10.06"]
[PlyCount "227"]

1.e4 c5 2.Nf3 Nc6 3.Bb5 d6 4.O-O Bd7 5.c3 a6 6.Ba4 Nf6 7.Re1 b5 8.Bc2 Bg4 
9.d3 e6 10.Nbd2 Be7 11.h3 Bh5 12.Nf1 O-O 13.Ng3 Bg6 14.Nh4 d5 15.Nxg6 hxg6
16.e5 Nd7 17.d4 Qb6 18.Be3 Rfc8 19.Rc1 Rc7 20.Qg4 cxd4 21.cxd4 Nf8 22.h4 
Rac8 23.Bb1 Nb4 24.Rxc7 Rxc7 25.Re2 Rc4 26.b3 Rc3 27.Rb2 Nc6 28.Ne2 Ba3 
29.Rd2 Rxe3 30.fxe3 Nxe5 31.Qg3 Nc6 32.Nf4 Bd6 33.Qf3 Qd8 34.g3 g5 35.hxg5
Qxg5 36.Rf2 f6 37.Rh2 f5 38.Rg2 Ne7 39.g4 Qh4 40.Qf2 Qxf2+ 41.Kxf2 Kf7 42.
Bd3 g6 43.Be2 Kf6 44.Nd3 Nd7 45.g5+ Kf7 46.Rg1 e5 47.dxe5 Nxe5 48.Nf4 N5c6
49.Bf3 d4 50.Nd3 Nb4 51.Rd1 Nxd3+ 52.Rxd3 dxe3+ 53.Kxe3 Ke6 54.Bb7 a5 55.
Kf3 Ba3 56.Rd1 Bc5 57.Rd8 a4 58.Bc8+ Ke5 59.Bd7 axb3 60.axb3 b4 61.Be8 f4 
62.Ra8 Nf5 63.Kg4 Ne3+ 64.Kf3 Nf5 65.Bf7 Nd4+ 66.Kg4 f3 67.Ra5 Kd6 68.Ra6+
Ke7 69.Bc4 f2 70.Rxg6 Nxb3 71.Re6+ Kd7 72.Rf6 Nd2 73.g6 Nxc4 74.g7 Ne3+ 
75.Kh5 f1=Q 76.Rxf1 Nxf1 77.g8=Q Ne3 78.Kg5 Kc6 79.Qb3 Nd5 80.Qa4+ Kb6 81.
Kf5 Nc3 82.Qb3 Kb5 83.Ke5 Be3 84.Kd6 Bc5+ 85.Kc7 Be3 86.Kb7 Kc5 87.Ka6 Nd5
88.Qc2+ Nc3 89.Qd3 Bd4 90.Qf5+ Nd5 91.Qc8+ Kd6 92.Qc4 Bc3 93.Kb7 Nf6 94.
Qc6+ Ke7 95.Qc5+ Kd7 96.Kb6 Ke6 97.Kc6 Ng4 98.Qd5+ Kf6 99.Qf3+ Kg5 100.Kd5
Bg7 101.Ke6 Ne5 102.Qe4 Kh6 103.Qxb4 Kh7 104.Qh4+ Kg8 105.Qh5 Bh8 106.Qe8+
Kh7 107.Kf5 Bg7 108.Kg5 Nf3+ 109.Kh5 Ne5 110.Qc8 Bh8 111.Qf5+ Kg8 112.Qe6+
Kh7 113.Qe7+ Bg7 114.Kg5 1/2-1/2

[Event "53rd World U20 ch"]
[Site "Pune IND"]
[Date "2014.10.18"]
[Round "12.17"]
[White "Nasanjargal, Urtnasan"]
[Black "Prasanna, Raghuram Rao"]
[Result "0-1"]
[WhiteElo "2330"]
[BlackElo "2447"]
[EventDate "2014.10.06"]
[PlyCount "78"]

1.d4 Nf6 2.c4 e6 3.Nf3 d5 4.e3 Be7 5.Bd3 O-O 6.O-O b6 7.Nc3 Bb7 8.b3 Nbd7 
9.Bb2 c5 10.cxd5 Nxd5 11.Nxd5 Bxd5 12.Qe2 cxd4 13.exd4 Rc8 14.Ne5 Nf6 15.
Ba6 Rc7 16.Rac1 Ba8 17.Qb5 Nd5 18.Qa4 Bd6 19.g3 Qf6 20.Rxc7 Nxc7 21.Be2 
Nd5 22.Rc1 Qg5 23.Qd7 Qe7 24.Qxe7 Nxe7 25.Nc4 Bc7 26.Ba3 Re8 27.Ne3 Bd8 
28.Bb5 Rf8 29.Bd7 g6 30.Nc4 Kg7 31.Nd6 Rh8 32.Ne8+ Kh6 33.Nd6 Kg7 34.Ne8+ 
Kh6 35.h4 Bd5 36.Bd6 Nf5 37.Be5 Rg8 38.Nf6 Bxf6 39.Bxf6 Nd6 0-1

[Event "53rd World U20 ch"]
[Site "Pune IND"]
[Date "2014.10.18"]
[Round "12.18"]
[White "Von Meijenfeldt, Bart"]
[Black "Das, Sayantan"]
[Result "0-1"]
[WhiteElo "2354"]
[BlackElo "2456"]
[EventDate "2014.10.06"]
[PlyCount "69"]

1.e4 e6 2.d4 d5 3.Nd2 c5 4.exd5 exd5 5.Ngf3 Nc6 6.Bb5 Qe7+ 7.Be2 Qc7 8.O-O
Nf6 9.Re1 cxd4 10.Nb3 Be7 11.Nbxd4 O-O 12.Bd3 Nxd4 13.Nxd4 Ng4 14.g3 Bc5 
15.c3 Bd7 16.Bf4 Qb6 17.b4 Bd6 18.Bf5 Bxf5 19.Bxd6 Rfe8 20.Rxe8+ Rxe8 21.
Bc5 Qh6 22.h4 Bd7 23.Bxa7 Ne5 24.Qc1 Qg6 25.Qd2 Nc4 26.Qf4 h6 27.a4 Qa6 
28.Bc5 b6 29.Bd6 Re4 30.b5 Qc8 31.Qc1 Nxd6 32.a5 bxa5 33.b6 a4 34.Qb1 Qxc3
35.f3 0-1

[Event "53rd World U20 ch"]
[Site "Pune IND"]
[Date "2014.10.18"]
[Round "12.19"]
[White "Gagare, Shardul"]
[Black "Gahan, M. G."]
[Result "1/2-1/2"]
[WhiteElo "2419"]
[BlackElo "2252"]
[EventDate "2014.10.06"]
[PlyCount "70"]

1.c4 Nf6 2.g3 e5 3.Bg2 c6 4.d4 exd4 5.Qxd4 d5 6.Nc3 dxc4 7.Qxd8+ Kxd8 8.
Bg5 Be6 9.Nf3 Nd7 10.O-O-O h6 11.Bxf6+ gxf6 12.Nd4 Kc7 13.Nxe6+ fxe6 14.
Rd4 Nb6 15.Re4 e5 16.Bh3 Rd8 17.Rd1 Bb4 18.Rxd8 Kxd8 19.Kc2 Ke7 20.Bf5 Kf7
21.Rh4 Kg7 22.Rg4+ Kf7 23.Rh4 Kg7 24.Rg4+ Kf7 25.Rh4 Bf8 26.e3 Rg8 27.Re4 
Be7 28.a3 Rg5 29.g4 Rg8 30.h4 Bc5 31.h5 Ke7 32.Nb1 Na4 33.Rxc4 b5 34.Rxa4 
bxa4 35.Nc3 Bd6 1/2-1/2

[Event "53rd World U20 ch"]
[Site "Pune IND"]
[Date "2014.10.18"]
[Round "12.20"]
[White "Viani D`Cunha, Antonio"]
[Black "Repka, Christopher"]
[Result "1-0"]
[WhiteElo "2257"]
[BlackElo "2418"]
[EventDate "2014.10.06"]
[PlyCount "75"]

1.e4 e6 2.d3 c5 3.Nf3 Nc6 4.g3 d6 5.Bg2 Nf6 6.O-O Be7 7.Re1 e5 8.h3 O-O 9.
c3 h6 10.Na3 Be6 11.Nc2 Re8 12.Ne3 Bf8 13.Nh2 d5 14.Qf3 d4 15.Nd5 Nxd5 16.
exd5 e4 17.dxe4 Bxd5 18.Bg5 Rxe4 19.Qxe4 Bxe4 20.Bxd8 Bxg2 21.Kxg2 Rxd8 
22.Nf3 Bd6 23.Rad1 Bc7 24.cxd4 cxd4 25.a3 Rd5 26.b4 Bb6 27.Rd3 g5 28.Rb3 
Nd8 29.a4 Ne6 30.Ne5 Kg7 31.Rf3 Nd8 32.Nxf7 Nxf7 33.Re7 d3 34.Rfxf7+ Kg6 
35.Rg7+ Kf6 36.Rgf7+ Kg6 37.Rd7 Re5 38.Rf3 1-0

[Event "53rd World U20 ch"]
[Site "Pune IND"]
[Date "2014.10.18"]
[Round "12.21"]
[White "Csonka, Balazs"]
[Black "Shailesh, Dravid"]
[Result "1-0"]
[WhiteElo "2412"]
[BlackElo "2074"]
[EventDate "2014.10.06"]
[PlyCount "107"]

1.Nf3 Nf6 2.c4 e6 3.g3 b6 4.Bg2 Bb7 5.d4 Bb4+ 6.Bd2 Bxd2+ 7.Qxd2 O-O 8.Nc3
Ne4 9.Nxe4 Bxe4 10.O-O d6 11.Qe3 Bb7 12.Qd3 Nd7 13.Ng5 Qxg5 14.Bxb7 Rad8 
15.Bc6 Nf6 16.f4 Qh6 17.e4 d5 18.e5 dxc4 19.Qxc4 Ng4 20.Qe2 Qh3 21.Rfd1 
Kh8 22.Rac1 h5 23.Rc3 g5 24.fxg5 Rg8 25.Rdd3 Rxg5 26.Bf3 h4 27.Bxg4 Rxg4 
28.Qf2 Rdg8 29.Qf6+ R8g7 30.Qh6+ Rh7 31.Qf6+ Rhg7 32.Qf1 Qxf1+ 33.Kxf1 
hxg3 34.hxg3 c5 35.dxc5 bxc5 36.Rxc5 Rxg3 37.Rxg3 Rxg3 38.Ra5 Kg7 39.Rxa7 
Re3 40.b4 Rxe5 41.a4 Re3 42.a5 Rb3 43.Rb7 Ra3 44.Rb6 e5 45.a6 f5 46.b5 e4 
47.Rd6 e3 48.Ke2 f4 49.Kf3 Ra5 50.Rd7+ Kf6 51.a7 Ra2 52.b6 e2 53.Kf2 f3 
54.Rd3 1-0

[Event "53rd World U20 ch"]
[Site "Pune IND"]
[Date "2014.10.18"]
[Round "12.22"]
[White "Kantans, Toms"]
[Black "Visakh, N. R."]
[Result "0-1"]
[WhiteElo "2485"]
[BlackElo "2300"]
[EventDate "2014.10.06"]
[PlyCount "70"]

1.e4 e5 2.Nf3 Nc6 3.Bb5 a6 4.Ba4 d6 5.O-O Bd7 6.c3 g6 7.d4 Bg7 8.h3 Nge7 
9.Be3 O-O 10.Nbd2 h6 11.Re1 Kh7 12.Nf1 f5 13.exf5 Nxf5 14.Bc2 exd4 15.cxd4
Qf6 16.Bxf5 Bxf5 17.d5 Nb4 18.Bd4 Qf7 19.Bxg7 Qxg7 20.Ne3 Be4 21.Qa4 a5 
22.a3 b5 23.Qxb5 Nd3 24.Nd2 Nxe1 25.Nxe4 Rae8 26.f3 Rb8 27.Qc4 Nxf3+ 28.
gxf3 Rxf3 29.Ng4 Rxb2 30.Re1 Rb8 31.Nef6+ Kh8 32.Ne8 Qb2 33.Re2 Qa1+ 34.
Kh2 Rbb3 35.Nf2 Rg3 0-1

[Event "53rd World U20 ch"]
[Site "Pune IND"]
[Date "2014.10.18"]
[Round "12.23"]
[White "Gajwa, Ankit"]
[Black "Sunilduth Lyna, Narayanan"]
[Result "0-1"]
[WhiteElo "2110"]
[BlackElo "2420"]
[EventDate "2014.10.06"]
[PlyCount "90"]

1.e4 c6 2.d4 d5 3.e5 Bf5 4.Nf3 e6 5.Be2 Bb4+ 6.Nbd2 Nd7 7.O-O Ba5 8.Nb3 
Bc7 9.Ne1 Qe7 10.Bd2 f6 11.f4 Nh6 12.a4 O-O 13.a5 fxe5 14.fxe5 c5 15.c3 
Nf7 16.Be3 Ng5 17.Nd2 Ne4 18.Nd3 a6 19.Nf4 Nxd2 20.Qxd2 Nb8 21.dxc5 Nc6 
22.b4 Bxe5 23.Bd3 d4 24.cxd4 Nxd4 25.Rae1 Rad8 26.Bxd4 Bxd4+ 27.Kh1 Bxd3 
28.Nxd3 e5 29.Rxf8+ Rxf8 30.g3 Qf7 31.Qe2 Bc3 32.Rd1 Qd5+ 33.Qg2 Rd8 34.
Qxd5+ Rxd5 35.Kg2 e4 36.Nf2 Rxd1 37.Nxd1 Bxb4 38.Nf2 e3 39.Nd3 e2 40.Kf2 
e1=Q+ 41.Nxe1 Bxe1+ 42.Kxe1 Kf7 43.Ke2 Ke6 44.Ke3 Kd5 45.Kf4 Kxc5 0-1

[Event "53rd World U20 ch"]
[Site "Pune IND"]
[Date "2014.10.18"]
[Round "12.24"]
[White "Vignesh, N. R."]
[Black "Sai Vishwesh, Chandrakaladaran"]
[Result "1/2-1/2"]
[WhiteElo "2360"]
[BlackElo "2151"]
[EventDate "2014.10.06"]
[PlyCount "51"]

1.d4 Nf6 2.c4 c5 3.d5 b5 4.cxb5 a6 5.bxa6 g6 6.Nc3 Bxa6 7.e4 Bxf1 8.Kxf1 
d6 9.g3 Bg7 10.Kg2 O-O 11.Nf3 Nbd7 12.Qe2 Qa5 13.Bd2 Rfb8 14.Rhb1 Qa6 15.
Qxa6 Rxa6 16.b3 Nxe4 17.Nxe4 Bxa1 18.Rxa1 Rxb3 19.Nc3 Raa3 20.Rc1 Rb2 21.
Bg5 f6 22.Bd2 Kf7 23.Be1 Kg8 24.Bd2 Kf7 25.Be1 Kg8 26.Bd2 1/2-1/2

[Event "53rd World U20 ch"]
[Site "Pune IND"]
[Date "2014.10.18"]
[Round "12.25"]
[White "Arat, Ufuk Sezen"]
[Black "Sahoo, Utkal Ranjan"]
[Result "1-0"]
[WhiteElo "2357"]
[BlackElo "2170"]
[EventDate "2014.10.06"]
[PlyCount "57"]

1.d4 Nf6 2.c4 e6 3.Nf3 d5 4.g3 Bb4+ 5.Bd2 Bxd2+ 6.Nbxd2 O-O 7.Bg2 Nbd7 8.
O-O b6 9.Rc1 Bb7 10.b4 c6 11.Qc2 Qe7 12.a3 Rfc8 13.c5 a5 14.e4 dxe4 15.
Nxe4 Nxe4 16.Qxe4 axb4 17.axb4 Ra4 18.Qb1 Nf6 19.Ne5 Nd5 20.Bxd5 exd5 21.
Rfe1 Qc7 22.cxb6 Qxb6 23.Qf5 Qc7 24.b5 Re8 25.bxc6 Rxd4 26.cxb7 Qxb7 27.
Nxf7 Rf8 28.Nd6 Rxf5 29.Re8+ 1-0

[Event "53rd World U20 ch"]
[Site "Pune IND"]
[Date "2014.10.18"]
[Round "12.26"]
[White "Kumaran, Balaji"]
[Black "Kozganbay, Erkin"]
[Result "1-0"]
[WhiteElo "2239"]
[BlackElo "2328"]
[EventDate "2014.10.06"]
[PlyCount "117"]

1.b3 b6 2.Bb2 Bb7 3.Nf3 e6 4.c4 c5 5.g3 Nf6 6.Bg2 Be7 7.O-O O-O 8.Nc3 a6 
9.Re1 d6 10.d4 cxd4 11.Qxd4 Qc7 12.Rac1 Nbd7 13.e4 Rac8 14.Ba3 Qb8 15.Rcd1
Nc5 16.e5 Bxf3 17.Bxf3 dxe5 18.Qxe5 Qxe5 19.Rxe5 Ncd7 20.Bxe7 Nxe5 21.Bb7 
Rc7 22.Bxf8 Rxb7 23.Rd8 Nc6 24.Rc8 Rb8 25.Rxc6 Kxf8 26.Na4 Nd7 27.c5 bxc5 
28.Rxa6 c4 29.bxc4 Rc8 30.Kg2 Rxc4 31.Ra8+ Ke7 32.Ra7 Rc6 33.Nb2 Kd6 34.a4
Rc7 35.Ra6+ Kd5 36.Nd3 e5 37.a5 f6 38.Ra8 Kc4 39.Ne1 Kb5 40.Nf3 Nc5 41.g4 
Ne6 42.Nd2 Nf4+ 43.Kf3 Rc3+ 44.Ke4 Nh3 45.Kf5 Nxf2 46.g5 fxg5 47.a6 Rc7 
48.Kxe5 Kb6 49.Kd6 Rc3 50.Ke5 Rc7 51.Kd6 Rc2 52.Nf3 g4 53.Nd4 Rd2 54.Rb8+ 
Ka7 55.Rb4 Kxa6 56.Kc7 Ka5 57.Nc6+ Ka6 58.Nd4 Rxd4 59.Rxd4 1-0